| 000 | 01072nam a2200253Ia 4500 | ||
|---|---|---|---|
| 999 |
_c40596 _d40596 |
||
| 001 | 7221 | ||
| 003 | GE_BSU | ||
| 005 | 20210722160717.0 | ||
| 008 | 181216s2008||||ge |||||||||||||| ||geo|| | ||
| 020 | _a994051822. | ||
| 040 | _cGE_BSU | ||
| 041 | _ageo | ||
| 080 | _a342.4 მ-46 | ||
| 100 |
_aმელქაძე, ოთარ _912308 |
||
| 245 |
_aკონსტიტუციონალიზმი / _cოთარ მელქაძე ; რედ. გ. ხუბუა. |
||
| 250 | _aმსოფლიო პარლამენტარიზმის კვლევითი ცენტრი | ||
| 264 |
_aთბილისი : _bუნივერსალი, _c2008. |
||
| 300 |
_a427გვ. ; _c20 სმ. |
||
| 490 | _aპოლიტიკურ-სამართლებრივი ლიტერატურის სერია წიგნი XXI | ||
| 541 | _h20ლ. | ||
| 653 | _aკონსტიტუციონალიზმი | ||
| 700 |
_aხუბუა, გ. _eრედაქტორი _95340 |
||
| 942 |
_cBK _2udc |
||